000 01081nam a2200289 a 4500
001 BRCA_8085
005 20190320210126.0
008 040414s1950----sp-a###f##---#001-0#spa-#
041 _aspa
044 _asp
050 4 _aNK4123
_b.A77
_c1950
100 1 _aSpencer Cook, Walter William
_920101
245 1 0 _aArs Hispaniae
_bhistoria universal del arte hispánico
_cPinturas e imaginerías románicas por Walter William Spencer Cook y José Gudiol Ricart.
260 _aMadrid
_bPlus Ultra
_c1950
300 _a404 p.
_bil. (algunas a color), 444 láminas
_c29 cm.
500 _aY117
500 _aVer también AA67, T64 e Y118
504 _aBibliografía p.391-394
505 0 _aContenido: V.6. Pintura mural. Pintura sobre tabla. Imaginería.
650 1 4 _aArte románico
_zEspaña
_920102
650 1 4 _apintura mural
_vHistoria
_zEspaña
_920103
650 1 4 _aPintura sobre madera
_vComposiciones artísticas
_zEspaña
_920104
650 1 4 _aImaginería
_vArtes plásticas
_zEspaña
_920105
700 1 _aGudiol Ricart, José
_ecoaut.
_920106
902 _aGFM
942 _2lcc
_cB
999 _c7753
_d7753